01146 a2200205 4500001000500000005001700005008004100022003001500063040004000078080010000118245012100218020002200339264004400361300002700405505034300432100002000775700001600795700002200811856010700833197320260407155422.0260407a2010 arg spa dAR-UNSa-BCEJYS aAR-UNSa-BCEJYSbspacAR-UNSa-BCEJYS a174:65xEtica en gestión y organización de la industria (Responsabilidad Social Empresaria)10aEmpresas para todosphacia un nuevo modelo de capitalismo que atiende las necesidades más urgentes de la humanidad a978-958-45-2943-5 1aBogotá :bGrupo Editorial Normac2010 axxviii, 211 p.c23 cm. a1. ¿Por qué empresa social? - 2. Los dolores del crecimiento - 3. Lanzar una empresa social - 4. Curar un niño - 5. Marcos de referencia legal y financiero para la empresa social - 6. Grameen-Veolia Water - 7. La creación de una infraestructura global para las empresas sociales - 8. Vistazos del mañana - 9. El fin de la pobreza1 aYunus, Muhammad1 aWeber, Karl1 aBuitrago, Affán41uhttps://biblioeco.unsa.edu.ar/pmb/images/libros/Empresas para todos.jpgyImagen de portadaqimage/jpeg